| 000 | 00564nam a22001937a 4500 | ||
|---|---|---|---|
| 005 | 20131218112110.0 | ||
| 010 | _aENG-108862 | ||
| 020 |
_a9788192563619 _c1250.00 |
||
| 035 | _aEN-92395 | ||
| 037 | _bDBAD/PUB | ||
| 082 | _a920 | ||
| 100 | _aSingh, Amarjit | ||
| 245 |
_aBiographies of the Indian freedom fighters / _cby Amarjit Singh |
||
| 260 |
_aNew Delhi _bS.K. Book Agency _c2013 |
||
| 270 |
_a5A/12, Ansari Road Daryaganj _bNew Delhi _e110002 |
||
| 300 |
_a312p. _c22cm(Hb) |
||
| 500 | _aIncludes index | ||
| 942 |
_2ddc _cEN _mSIN _h920 |
||
| 999 |
_c81216 _d81216 |
||